Discourse and social change

Gardado en:
Detalles Bibliográficos
Autor Principal: Fairclough, Norman (Author)
Formato: Libro
Idioma:inglés
Publicado: Cambridge Polity 1992
Subjects:
Tags: Engadir etiqueta
Sen Etiquetas, Sexa o primeiro en etiquetar este rexistro!

MARC

LEADER 00000nam a2200000 a 4500
001 UCO9511
003 CL-VaPUC
008 010302e19920000uk |||||||||||||||||eng|d
082 0 4 |a 401.41  |b FAI  |2 21 
100 0 |a Fairclough, Norman  |e author  |9 454736 
245 1 0 |a Discourse and social change 
300 |a 259 p 
942 |c BK 
945 |d 20010302 00:00:00  |a cmena 
260 |a Cambridge  |b Polity  |c 1992 
650 0 |a Análisis del discurso  |9 256696 
650 0 |a Discursos   |9 265028 
650 0 |a Análisis lingüístico  |9 314711 
650 0 |a Cambio social   |9 256857 
583 |a last modification  |c 20171205 11:02:20  |k Rodrigo Vera 
999 |c 293715  |d 293713 
952 |0 0  |1 0  |4 0  |6 401_410000000000000_FAI_1992  |7 0  |8 A  |9 345416  |a FDOPOS  |b FDOPOS  |d 2019-11-20  |i 3689859  |o 401.41 FAI 1992  |p 3689859  |r 2025-01-22  |w 2019-11-20  |y BK  |k MLA